[Event "Women's Speed Chess Q1"]
[Site "chess.com INT"]
[Date "2021.05.28"]
[Round "1"]
[White "Tarasova, Viktoriya"]
[Black "Azhar, Puteri Munajjah Az-Zahraa"]
[Result "1/2-1/2"]
[WhiteTitle "WIM"]
[BlackTitle "WIM"]
[WhiteElo "2226"]
[BlackElo "2046"]
[WhiteFideId "4175840"]
[BlackFideId "5709040"]
[EventDate "2021.05.28"]

1. d4 d5 2. c4 e6 3. Nc3 Nf6 4. cxd5 exd5 5. Bg5 Be7 6. Qc2 c6 7. e3 Bg4 8. Bd3
Nbd7 9. f3 Bh5 10. Nge2 Bg6 11. O-O O-O 12. Bxg6 hxg6 13. e4 Rc8 14. e5 Nh7 15.
Be3 Kh8 16. f4 Nb6 17. b3 c5 18. Qd2 c4 19. Rac1 Bb4 20. Qd1 a5 21. Bd2 Ba3 22.
Rb1 Bb4 23. Qe1 Qd7 24. Nd1 Qe7 25. Rf3 Kg8 26. Ndc3 f6 27. Qg3 fxe5 28. fxe5
Rxf3 29. Qxf3 Ng5 30. Qg4 Ne6 31. Kh1 cxb3 32. axb3 Rf8 33. Be3 Qf7 34. h3 Qf5
35. Qxf5 gxf5 36. Nb5 Rc8 37. Rc1 Rxc1+ 38. Nxc1 Kf7 39. Nd3 Be7 40. Bd2 a4 41.
bxa4 Nxa4 42. Bb4 Nb6 43. Bxe7 Kxe7 44. Kg1 Nc4 45. Kf2 Kd7 46. Ke2 Kc6 47. Nc3
Nxd4+ 48. Kd1 Ne6 49. Nb4+ Kc5 50. Nbxd5 Nxe5 51. Ne7 Nd4 52. Kd2 Kc4 53. Nd1 g6
54. Ne3+ Kc5 55. g4 fxg4 56. Nxg4 Nxg4 57. hxg4 Kd6 58. Nxg6 Ke6 59. Nf4+ Ke5
60. Nd3+ Ke4 61. Nc5+ Kf4 62. Nxb7 Kxg4 1/2-1/2

[Event "Women's Speed Chess Q1"]
[Site "chess.com INT"]
[Date "2021.05.28"]
[Round "1"]
[White "Pham, Le Thao Nguyen"]
[Black "Rakshitta, Ravi"]
[Result "1-0"]
[WhiteTitle "IM"]
[BlackTitle "WIM"]
[WhiteElo "2369"]
[BlackElo "2190"]
[WhiteFideId "12401226"]
[BlackFideId "25073230"]
[EventDate "2021.05.28"]

1. d4 Nf6 2. Nf3 e6 3. Bf4 Be7 4. e3 O-O 5. h3 b6 6. Nbd2 Bb7 7. Bd3 c5 8. O-O
d5 9. c3 Bd6 10. Ne5 Nc6 11. Bg3 Qc7 12. f4 Nd7 13. Qh5 f5 14. Bh4 Nf6 15. Bxf6
gxf6 16. Nef3 Qg7 17. Kh1 Kh8 18. Rg1 cxd4 19. cxd4 Rg8 20. g4 fxg4 21. Rxg4 Qe7
22. Rag1 f5 23. Rg5 Nb4 24. Bb1 Bc6 25. a3 Na6 26. Qh6 Raf8 27. Rg6 Nc7 28. Ne5
Bxe5 29. fxe5 Be8 30. Rxg8+ Rxg8 31. Rxg8+ Kxg8 32. Nf3 Bb5 33. Ne1 Be2 34. Kg2
a5 35. Kf2 Bb5 36. Ng2 Qg7 37. Qh4 Qf8 38. Nf4 Bd7 39. Bd3 b5 40. Qg5+ Kh8 41.
Nh5 Ne8 42. Kf3 Qf7 43. Nf6 Bc8 44. Kf4 Nxf6 45. Qxf6+ Kg8 46. Bxb5 Qxf6 47.
exf6 Kf7 48. Ke5 Bb7 49. b4 axb4 50. axb4 h5 51. Bd7 Ba6 52. Bxe6+ Kf8 53. Bd7
Bf1 54. h4 1-0

[Event "Women's Speed Chess Q1"]
[Site "chess.com INT"]
[Date "2021.05.28"]
[Round "1"]
[White "Agrest, Inna"]
[Black "Bulmaga, Irina"]
[Result "1-0"]
[WhiteTitle "WIM"]
[BlackTitle "IM"]
[WhiteElo "2285"]
[BlackElo "2440"]
[WhiteFideId "1708830"]
[BlackFideId "13903063"]
[EventDate "2021.05.28"]

1. e4 c5 2. Nf3 d6 3. d4 cxd4 4. Nxd4 Nf6 5. Nc3 a6 6. Bg5 Nbd7 7. Qe2 h6 8. Bh4
g6 9. O-O-O Bg7 10. f4 e5 11. Nf3 Qc7 12. f5 O-O 13. fxg6 fxg6 14. Qc4+ Qxc4 15.
Bxc4+ Kh7 16. Rxd6 b5 17. Bb3 b4 18. Ne2 Nxe4 19. Rdd1 Nb6 20. Rhe1 Bb7 21. Be7
Rfe8 22. Bxb4 a5 23. Ba3 Rac8 24. Bf7 Red8 25. Be6 Rb8 26. Neg1 Na4 27. Nh3 Bf6
28. g4 Kg7 29. Nd2 Nxd2 30. Rxd2 Rxd2 31. Kxd2 Bg2 32. Nf2 Nxb2 33. Bb3 a4 34.
Bxb2 axb3 35. axb3 Rd8+ 36. Kc1 Rd5 37. Nd3 e4 38. Bxf6+ Kxf6 39. Nf4 Rg5 40.
Nxg2 Ke5 41. Ne3 Kf4 42. Kd2 Re5 43. Ke2 Rc5 44. c4 Ra5 45. Rd1 Ra2+ 46. Rd2 Ra3
47. b4 Rb3 48. Nd5+ Kxg4 49. b5 e3 50. Nxe3+ Kh3 51. Nd5 Kxh2 52. b6 g5 53. Rd3
Rb2+ 54. Ke3 g4 55. Kf4 g3 56. Rxg3 1-0

[Event "Women's Speed Chess Q1"]
[Site "chess.com INT"]
[Date "2021.05.28"]
[Round "1"]
[White "Osmak, Iulija"]
[Black "Bommini, Mounika Akshaya"]
[Result "0-1"]
[WhiteTitle "IM"]
[BlackTitle "WFM"]
[WhiteElo "2425"]
[BlackElo "2029"]
[WhiteFideId "14101602"]
[BlackFideId "25019872"]
[EventDate "2021.05.28"]

1. e4 e5 2. Nf3 Nc6 3. Bb5 Nd4 4. Nxd4 exd4 5. O-O Bc5 6. c3 c6 7. Ba4 Ne7 8.
cxd4 Bxd4 9. Nc3 O-O 10. Ne2 Bb6 11. d4 d6 12. Bg5 f5 13. Bb3+ Kh8 14. f3 Qe8
15. Qd3 Ng6 16. Be3 Be6 17. d5 Bxe3+ 18. Qxe3 cxd5 19. exd5 Bxd5 20. Qxe8 Raxe8
21. Nc3 Bc6 22. Rad1 Rd8 23. Rd4 Rf6 24. Rfd1 h6 25. Bd5 Ne7 26. Bxc6 bxc6 27.
Re1 Ng6 28. f4 Kg8 29. g3 Kf7 30. Rc4 d5 31. Ra4 Rd7 32. Rd1 Ne7 33. Ra5 Re6 34.
Kf2 g5 35. Ne2 Kf6 36. Kf3 Re4 37. Ra6 Rd6 38. Nc3 Rb4 39. b3 g4+ 40. Kf2 d4 41.
Na4 d3 42. Rd2 Re4 43. Nc3 Ree6 44. Na4 Re4 45. Nc3 Ree6 46. Ra5 Nd5 47. Nxd5+
Rxd5 48. Rxd5 cxd5 49. Rxd3 Rd6 50. Ke3 Ke6 51. Kd4 Ra6 52. a4 Rb6 53. Rc3 Kd6
54. Re3 Rb4+ 55. Kc3 Rb8 56. Re5 Rc8+ 57. Kd3 Rb8 58. Kc3 d4+ 59. Kxd4 Rxb3 60.
Rxf5 Rb4+ 61. Kc3 Rxa4 62. Rf6+ Kd5 63. Rxh6 Ra3+ 64. Kb4 Ra2 65. Rh5+ Ke4 66.
Rh4 Kf3 67. f5 Rf2 68. f6 Kg2 69. Rh6 Rf5 70. Kc4 Kf3 71. Kd4 a5 72. Kc4 Ke4 73.
Kb3 Ke5 74. Ka4 Rxf6 75. Rh5+ Ke4 0-1

[Event "Women's Speed Chess Q1"]
[Site "chess.com INT"]
[Date "2021.05.28"]
[Round "1"]
[White "Tanishka, Kotia"]
[Black "Michelle Catherina, P"]
[Result "0-1"]
[WhiteTitle "WFM"]
[BlackTitle "WIM"]
[WhiteElo "1849"]
[BlackElo "2176"]
[WhiteFideId "25005600"]
[BlackFideId "5005736"]
[EventDate "2021.05.28"]

1. d4 Nf6 2. Bf4 e6 3. Nf3 c5 4. e3 Be7 5. c3 O-O 6. Bd3 b6 7. O-O Bb7 8. Nbd2
d6 9. e4 cxd4 10. cxd4 Nbd7 11. Rc1 Nh5 12. Bg3 Nxg3 13. hxg3 e5 14. d5 Nc5 15.
Bb1 a5 16. Nb3 a4 17. Nxc5 bxc5 18. Bc2 Qa5 19. Nd2 Ba6 20. Re1 Bg5 21. f4 exf4
22. Nf3 Bf6 23. gxf4 Bxb2 24. Rb1 Bc3 25. Re3 Bc4 26. Bxa4 Bxa2 27. Rb5 Qxa4 28.
Qxa4 Rxa4 29. Rxc3 Rxe4 30. g3 Bxd5 31. Rb6 Rd8 32. Rd3 Be6 33. Rdxd6 Rxd6 34.
Rxd6 h6 35. Rc6 c4 36. Ne5 Re3 37. Kf2 Rc3 38. f5 Bxf5 39. Rxc4 Rxc4 40. Nxc4
Be6 41. Ne3 h5 42. Kg2 g6 43. Kf2 Kg7 44. Kf3 Kf6 45. Kf4 g5+ 46. Kf3 Ke5 47.
Nc2 f5 48. Ne3 Bd5+ 49. Kf2 Ke4 50. Nc2 Ke5 51. Nb4 Be4 52. Na2 Kd4 53. Nb4 h4
54. gxh4 gxh4 55. Kg1 h3 56. Kh2 Bg2 57. Nc2+ Kd3 58. Ne1+ Ke2 59. Nc2 f4 60.
Nd4+ Kd3 61. Nf5 f3 62. Ng3 Ke3 63. Nh5 f2 64. Ng3 Kf3 65. Nf1 Bxf1 66. Kh1 Bg2+
67. Kh2 Ke3 68. Kg3 f1=Q 69. Kh2 Qf4+ 70. Kg1 h2+ 71. Kxg2 Qf2+ 72. Kh3 h1=Q+
73. Kg4 Qhg1+ 74. Kh5 Qfh2# 0-1

[Event "Women's Speed Chess Q1"]
[Site "chess.com INT"]
[Date "2021.05.28"]
[Round "1"]
[White "Belenkaya, Dina"]
[Black "Samaganova, Alexandra"]
[Result "1/2-1/2"]
[WhiteTitle "WGM"]
[BlackTitle "WFM"]
[WhiteElo "2304"]
[BlackElo "1993"]
[WhiteFideId "24142654"]
[BlackFideId "13800221"]
[EventDate "2021.05.28"]

1. e4 c5 2. Nc3 e6 3. g3 Nc6 4. Bg2 Nf6 5. Nge2 d5 6. exd5 exd5 7. d4 cxd4 8.
Nxd4 Be7 9. O-O O-O 10. h3 h6 11. Nce2 a6 12. c3 Bd6 13. Be3 Re8 14. Re1 Ne5 15.
Bf4 Nc4 16. Qc2 Qc7 17. Bxd6 Qxd6 18. Rad1 Be6 19. Nf4 Rad8 20. Nxd5 Nxd5 21. b3
Na3 22. Qb2 Qc5 23. Nxe6 fxe6 24. c4 Nf6 25. b4 Nxc4 26. Qc3 Qb5 27. a4 Qxa4 28.
Rxd8 Rxd8 29. Qxc4 Nd5 30. Rxe6 Qd1+ 31. Kh2 Kh8 32. Qh4 Nf6 33. Re7 Rd7 34. Re3
Qd6 35. Qc4 b5 36. Qc8+ Rd8 37. Qb7 Kh7 38. h4 Rb8 39. Qf3 Rd8 40. Qf5+ Kh8 41.
h5 Qd7 42. Qxd7 Rxd7 43. Re5 Kg8 44. Re3 Kf7 45. Rc3 Ng4+ 46. Kg1 Nf6 47. Rc5
Ra7 48. Bf3 a5 49. Bc6 axb4 50. Rxb5 Ra1+ 51. Kg2 Rc1 52. Rb7+ Ke6 53. Bf3 Ne8
54. Rxb4 Kf7 55. Rg4 Kf8 56. Rf4+ Nf6 57. g4 Rc8 58. Be4 Kg8 59. Bg6 Rd8 60. f3
Rd2+ 61. Kg3 Rd8 62. Rb4 Ra8 63. Rb7 Rd8 64. Bf5 Re8 65. Ra7 Rd8 66. Kf4 Re8 67.
Bd3 Rd8 68. Bc2 Nd5+ 69. Kg3 Nf6 70. Bb3+ Kh8 71. Kf4 Rf8 72. Ke5 Re8+ 73. Kd6
Rd8+ 74. Ke7 Rb8 75. Kf7 Rxb3 76. Rb7 Kh7 77. Rxb3 Nd5 78. Ra3 Nb6 79. Ke6 Nc4
80. Ra1 Nd2 81. f4 Nf3 82. Ra7 Nd4+ 83. Ke5 Ne2 84. Ke4 Ng3+ 85. Ke5 Ne2 86. g5
hxg5 87. fxg5 Ng3 88. g6+ Kh6 89. Kf4 Nxh5+ 90. Kf5 Nf6 91. Ra1 Nh5 92. Rh1 1/2-1/2

[Event "Women's Speed Chess Q1"]
[Site "chess.com INT"]
[Date "2021.05.28"]
[Round "1"]
[White "Antolak, Julia"]
[Black "Lahav, Michal"]
[Result "1-0"]
[WhiteTitle "WIM"]
[BlackTitle "WIM"]
[WhiteElo "2306"]
[BlackElo "2244"]
[WhiteFideId "1159569"]
[BlackFideId "2813742"]
[EventDate "2021.05.28"]

1. e4 e6 2. d4 d5 3. Nd2 Be7 4. Ngf3 Nf6 5. e5 Nfd7 6. Bd3 c5 7. c3 b6 8. O-O
Ba6 9. Bxa6 Nxa6 10. Re1 O-O 11. Nf1 Rc8 12. Ng3 cxd4 13. Nxd4 Nab8 14. Qg4 Nc6
15. Nxc6 Rxc6 16. Bh6 g6 17. Bxf8 Bxf8 18. Rad1 Bg7 19. f4 Rc4 20. Qf3 Qc7 21.
Kh1 Bh6 22. Ne2 Nc5 23. Nd4 Ne4 24. Re2 Qc5 25. Rf1 Kh8 26. Qh3 Bg7 27. Qh4 Qc7
28. Re3 Nd2 29. Rfe1 Ne4 30. R1e2 Qd7 31. Kg1 Qc7 32. Nb5 Qd7 33. Nd4 Qc7 34. h3
Qd7 35. Kh2 Qc7 36. Re1 g5 37. fxg5 Bxe5+ 38. Kg1 Bg3 39. Qh5 Bxe1 40. Rxe1 Qg3
41. Rf1 Nxg5 42. Qh6 Kg8 43. Qf6 Rxd4 44. cxd4 Nxh3+ 45. Kh1 Ng5 46. Qf4 Qxf4
47. Rxf4 Ne4 48. Rg4+ Kf8 49. Kg1 Nd2 50. Rh4 Nc4 51. Rxh7 Nxb2 52. Rh8+ Ke7 53.
Ra8 a5 54. Rb8 Nc4 55. Rb7+ Kf6 56. Kf2 Kg6 57. Kf3 f6 58. g3 Kf5 59. g4+ Kg6
60. Re7 e5 61. dxe5 fxe5 62. Rd7 d4 63. Rc7 b5 64. Ke4 Kf6 65. Rc6+ Kg5 66. Rc5
Kxg4 67. Rxb5 Na3 68. Rxa5 Nb1 69. Rxe5 Nc3+ 70. Kxd4 Nxa2 71. Re2 Nb4 72. Kc4
Nc6 73. Kd5 Ne7+ 74. Ke5 Ng6+ 75. Kf6 Nf4 76. Re4 Kg3 77. Ke5 Ng2 78. Kf5 Nh4+
79. Kg5 Nf3+ 80. Kf5 Nh2 81. Ke5 Nf3+ 82. Kd5 Nh4 83. Kc4 Nf3 84. Re3 Kf2 85.
Kd3 Kg3 86. Ke2 Kg4 87. Rxf3 Kh4 88. Ra3 Kh5 89. Kf2 Kh6 90. Ra4 Kh7 91. Ra6 Kh8
92. Ra7 1-0

[Event "Women's Speed Chess Q1"]
[Site "chess.com INT"]
[Date "2021.05.28"]
[Round "2"]
[White "Hoshino, Karen"]
[Black "Zhou, Qiyu"]
[Result "1-0"]
[WhiteTitle "WFM"]
[BlackTitle "FM"]
[WhiteElo "1836"]
[BlackElo "2229"]
[WhiteFideId "2137984"]
[BlackFideId "505161"]
[EventDate "2021.05.28"]

1. d4 Nf6 2. c4 e6 3. Nc3 Bb4 4. e3 O-O 5. Bd3 b6 6. Ne2 Bb7 7. O-O c5 8. a3
Bxc3 9. Nxc3 d5 10. dxc5 bxc5 11. cxd5 exd5 12. b3 Nbd7 13. Bb2 Ne5 14. Be2 Qe7
15. Rc1 Rac8 16. h3 Rfd8 17. Na2 Ba8 18. Qc2 Ne4 19. Rfd1 Re8 20. Nc3 Nxc3 21.
Bxc3 d4 22. Bxd4 cxd4 23. Qxc8 1-0

[Event "Women's Speed Chess Q1"]
[Site "chess.com INT"]
[Date "2021.05.28"]
[Round "2"]
[White "Nandhidhaa, P V"]
[Black "Pourkashiyan, Atousa"]
[Result "0-1"]
[WhiteTitle "WGM"]
[BlackTitle "WGM"]
[WhiteElo "2365"]
[BlackElo "2322"]
[WhiteFideId "5050847"]
[BlackFideId "12502014"]
[EventDate "2021.05.28"]

1. e4 c5 2. b3 e6 3. Bb2 d5 4. exd5 exd5 5. d4 Nf6 6. Nf3 Nc6 7. Be2 Be7 8. O-O
O-O 9. dxc5 Bxc5 10. Nc3 Bg4 11. h3 Bh5 12. Nb5 Re8 13. g4 Bg6 14. Nbd4 Rc8 15.
Bd3 Ne4 16. Kg2 Qb6 17. Nxc6 bxc6 18. Ne5 Nxf2 19. Bxg6 Nxd1 20. Bxf7+ Kh8 21.
Bxe8 Ne3+ 22. Kh1 Nxf1 23. Rxf1 Rxe8 0-1

[Event "Women's Speed Chess Q1"]
[Site "chess.com INT"]
[Date "2021.05.28"]
[Round "2"]
[White "Mamedjarova, Turkan"]
[Black "Pham, Le Thao Nguyen"]
[Result "0-1"]
[WhiteTitle "WGM"]
[BlackTitle "IM"]
[WhiteElo "2309"]
[BlackElo "2369"]
[WhiteFideId "13402005"]
[BlackFideId "12401226"]
[EventDate "2021.05.28"]

1. d4 Nf6 2. Nf3 d5 3. c4 c6 4. Nc3 dxc4 5. a4 Bf5 6. e3 e6 7. Bxc4 Bb4 8. O-O
Nbd7 9. Qb3 Qb6 10. Ne5 Nxe5 11. dxe5 Nd7 12. e4 Nc5 13. Qa2 Nxe4 14. Nxe4 Bxe4
15. Bxe6 fxe6 16. Qxe6+ Be7 17. Bg5 Qc7 18. Rfd1 Bd5 19. Qf5 Bxg5 20. Qxg5 Qe7
21. Qh5+ Qf7 22. Qh4 O-O 23. Rd3 Rae8 24. Re1 Qf4 25. Qxf4 Rxf4 26. g3 Rxa4 0-1

[Event "Women's Speed Chess Q1"]
[Site "chess.com INT"]
[Date "2021.05.28"]
[Round "2"]
[White "Petrova, Irina"]
[Black "Berend, Elvira"]
[Result "0-1"]
[WhiteTitle "WIM"]
[BlackTitle "WGM"]
[WhiteElo "2110"]
[BlackElo "2326"]
[WhiteFideId "14124122"]
[BlackFideId "4000510"]
[EventDate "2021.05.28"]

1. e4 e5 2. Nf3 Nc6 3. Bb5 Nf6 4. d3 d6 5. Nc3 Be7 6. Bg5 h6 7. Bxf6 Bxf6 8. Nd5
O-O 9. Rg1 Nd4 10. Bc4 c6 11. Ne3 b5 12. Bb3 a5 13. c3 Nxb3 14. axb3 d5 15. Qe2
d4 16. Nf5 Bxf5 17. exf5 dxc3 18. bxc3 e4 19. Nd4 Bxd4 20. cxd4 Qxd4 21. Rd1
exd3 22. Qxd3 Rfe8+ 23. Kf1 Qxd3+ 24. Rxd3 a4 25. bxa4 Rxa4 26. g3 Ra1+ 27. Kg2
Rxg1+ 28. Kxg1 c5 29. Rd5 Re1+ 30. Kg2 Rc1 31. h4 b4 32. g4 b3 33. g5 hxg5 34.
hxg5 Kh7 0-1

[Event "Women's Speed Chess Q1"]
[Site "chess.com INT"]
[Date "2021.05.28"]
[Round "2"]
[White "Varney, Zoe"]
[Black "Assaubayeva, Bibisara"]
[Result "0-1"]
[WhiteTitle "WCM"]
[BlackTitle "IM"]
[WhiteElo "1917"]
[BlackElo "2381"]
[WhiteFideId "436135"]
[BlackFideId "13708694"]
[EventDate "2021.05.28"]

1. e4 c5 2. Nf3 d6 3. d4 cxd4 4. Nxd4 Nf6 5. Nc3 a6 6. Be3 e5 7. Nb3 Be6 8. f3
h5 9. Qd2 Nbd7 10. O-O-O Rc8 11. Nd5 Bxd5 12. exd5 Nb6 13. Qa5 Qc7 14. c3 Nc4
15. Qxc7 Rxc7 16. Bxc4 Rxc4 17. Na5 Rc7 18. Bb6 Rd7 19. Rhe1 Be7 20. c4 O-O 21.
b4 Rc8 22. Kb2 Bd8 23. Bxd8 Rcxd8 24. h3 Rc8 25. g4 hxg4 26. fxg4 b5 27. cxb5
axb5 28. g5 Nh5 29. Nc6 Nf4 30. Na5 Nxh3 31. g6 fxg6 32. Rd2 Nf4 0-1

[Event "Women's Speed Chess Q1"]
[Site "chess.com INT"]
[Date "2021.05.28"]
[Round "2"]
[White "Pandey, Srishti"]
[Black "Ramirez, Maria Eugenia"]
[Result "1-0"]
[WhiteTitle "WFM"]
[BlackTitle "WFM"]
[WhiteElo "2026"]
[BlackElo "2057"]
[WhiteFideId "35093290"]
[BlackFideId "3301680"]
[EventDate "2021.05.28"]

1. d4 Nf6 2. c4 e6 3. Nf3 c5 4. d5 exd5 5. cxd5 d6 6. Nc3 g6 7. e4 Bg7 8. Bd3
O-O 9. h3 Na6 10. O-O Nc7 11. a4 b6 12. Re1 a6 13. Nd2 Rb8 14. Qc2 b5 15. axb5
axb5 16. b3 Re8 17. Bb2 Nh5 18. Ne2 Bxb2 19. Qxb2 Qf6 20. Qc2 Nf4 21. Nxf4 Qxf4
22. Ra7 Bb7 23. Nf3 Re7 24. Rea1 f5 25. exf5 Bxd5 26. Nh2 gxf5 27. Bxf5 Rf8 28.
Bg4 Rg7 29. Rd1 h5 30. Rxd5 Nxd5 31. Be6+ Kh8 32. Rxg7 Kxg7 33. Bxd5 Re8 34. Nf3
b4 35. g3 Qf6 36. Kg2 Re7 37. Qd3 Qc3 38. Qf5 Kh6 39. Qg5+ 1-0

[Event "Women's Speed Chess Q1"]
[Site "chess.com INT"]
[Date "2021.05.28"]
[Round "2"]
[White "Kulkarni, Bhakti"]
[Black "Li, Xueyi"]
[Result "1-0"]
[WhiteTitle "IM"]
[BlackTitle "WGM"]
[WhiteElo "2391"]
[BlackElo "2328"]
[WhiteFideId "5019516"]
[BlackFideId "8605912"]
[EventDate "2021.05.28"]

1. d4 d5 2. Nf3 Nf6 3. Bf4 c5 4. e3 Nc6 5. c3 Qb6 6. Qb3 c4 7. Qc2 Bf5 8. Qc1
Nh5 9. Bg3 Nxg3 10. hxg3 e6 11. Nbd2 h6 12. b3 cxb3 13. axb3 Be7 14. Be2 O-O 15.
O-O Rfc8 16. Qb2 Qc7 17. Rfc1 a6 18. c4 Qd8 19. c5 Bf6 20. b4 Qe7 21. b5 axb5
22. Qxb5 e5 23. Nb3 h5 24. Bf1 Bg4 25. dxe5 Nxe5 26. Nxe5 Bxe5 27. Rxa8 Rxa8 28.
Nd4 h4 29. gxh4 Qxh4 30. f4 Bxd4 31. exd4 Ra2 32. Qe8+ Kh7 33. Bd3+ f5 34. Qe3
Ra3 35. Bxf5+ 1-0

[Event "Women's Speed Chess Q1"]
[Site "chess.com INT"]
[Date "2021.05.28"]
[Round "2"]
[White "Ribeiro, Regina"]
[Black "Mohota, Nisha"]
[Result "0-1"]
[WhiteTitle "WIM"]
[BlackTitle "IM"]
[WhiteElo "1920"]
[BlackElo "2195"]
[WhiteFideId "2100681"]
[BlackFideId "5004330"]
[EventDate "2021.05.28"]

1. Nf3 f5 2. e4 fxe4 3. Ng5 e5 4. d3 e3 5. Bxe3 Nf6 6. d4 e4 7. c4 Bb4+ 8. Nc3
Bxc3+ 9. bxc3 O-O 10. c5 d5 11. cxd6 cxd6 12. Qc2 d5 13. c4 Ng4 14. h4 Nxe3 15.
fxe3 Nc6 16. cxd5 Nb4 17. Qxe4 Bf5 18. Qe5 Nc2+ 0-1

[Event "Women's Speed Chess Q1"]
[Site "chess.com INT"]
[Date "2021.05.28"]
[Round "2"]
[White "Kiran, Manisha Mohanty"]
[Black "Kanyamarala, Trisha"]
[Result "1-0"]
[WhiteTitle "WGM"]
[BlackTitle "WIM"]
[WhiteElo "2168"]
[BlackElo "2180"]
[WhiteFideId "5019575"]
[BlackFideId "45004722"]
[EventDate "2021.05.28"]

1. e4 c5 2. Nf3 d6 3. d4 cxd4 4. Nxd4 Nf6 5. Nc3 Nc6 6. Bc4 e6 7. O-O Be7 8. Bb3
a6 9. Kh1 O-O 10. f4 Qc7 11. f5 Nxd4 12. Qxd4 Bd7 13. Be3 Ng4 14. Bg1 Bf6 15.
Qd3 Be5 16. Qh3 exf5 17. Nd5 Qd8 18. exf5 Nh6 19. Be3 Nxf5 20. Rxf5 g6 21. Raf1
gxf5 22. Qh5 Bg7 23. Bg5 Qa5 24. c3 f4 25. Bf6 Kh8 26. Bc2 Rg8 27. Qxh7# 1-0

[Event "Women's Speed Chess Q1"]
[Site "chess.com INT"]
[Date "2021.05.28"]
[Round "2"]
[White "Perez Rodriguez, Jennifer"]
[Black "Grigoryan, Meri"]
[Result "1/2-1/2"]
[WhiteTitle "WIM"]
[BlackTitle "WFM"]
[WhiteElo "2251"]
[BlackElo "2044"]
[WhiteFideId "3507831"]
[BlackFideId "13300571"]
[EventDate "2021.05.28"]

1. e4 e5 2. Nc3 Nf6 3. f4 d5 4. fxe5 Nxe4 5. Nf3 Nc6 6. d3 Nxc3 7. bxc3 d4 8.
Be2 Bc5 9. O-O dxc3+ 10. Kh1 Be6 11. Qe1 Qd7 12. Bg5 h6 13. Bh4 g5 14. Bf2 Bxf2
15. Qxf2 O-O-O 16. Rab1 Nd4 17. Bd1 a6 18. Rb4 c5 19. Rb1 Bxa2 20. Ra1 Be6 21.
Qe1 Nb5 22. Ng1 Bd5 23. Bh5 Qc6 24. Qf2 Rhf8 25. Ne2 Rde8 26. Qf5+ Be6 27. Qf2
Bd5 28. Qf5+ Be6 29. Qf3 Bd5 30. Qf5+ 1/2-1/2

[Event "Women's Speed Chess Q1"]
[Site "chess.com INT"]
[Date "2021.05.28"]
[Round "2"]
[White "Gu, Xiaobing"]
[Black "Zaksaite, Salomeja"]
[Result "1-0"]
[WhiteTitle "WGM"]
[BlackTitle "WIM"]
[WhiteElo "2263"]
[BlackElo "2202"]
[WhiteFideId "8602611"]
[BlackFideId "12801496"]
[EventDate "2021.05.28"]

1. e4 c5 2. Nf3 e6 3. g3 Nc6 4. Bg2 g6 5. d4 Bg7 6. d5 Nd4 7. c3 Nxf3+ 8. Qxf3
Ne7 9. Bg5 h6 10. Bf6 O-O 11. h4 exd5 12. Bxg7 Kxg7 13. exd5 d6 14. Nd2 Bf5 15.
g4 Bd7 16. O-O-O f5 17. gxf5 Nxf5 18. Qd3 b5 19. Bh3 c4 20. Qe2 b4 21. cxb4 a5
22. Nxc4 axb4 23. Kb1 Bb5 24. Rhg1 Qxh4 25. Bg4 Rfe8 26. Qc2 Ne7 27. Nxd6 Rf8
28. Nxb5 Rxf2 29. Rd2 Rxd2 30. Qxd2 1-0

[Event "Women's Speed Chess Q1"]
[Site "chess.com INT"]
[Date "2021.05.28"]
[Round "2"]
[White "Sliwicka, Alicja"]
[Black "Pujari, Rucha"]
[Result "1-0"]
[WhiteTitle "WIM"]
[BlackTitle "WIM"]
[WhiteElo "2346"]
[BlackElo "2244"]
[WhiteFideId "1150677"]
[BlackFideId "5024528"]
[EventDate "2021.05.28"]

1. e4 e5 2. Nf3 Nc6 3. Nc3 Nf6 4. a3 Be7 5. d4 exd4 6. Nxd4 d6 7. Nxc6 bxc6 8.
Bd3 O-O 9. O-O Rb8 10. b3 c5 11. f4 Bb7 12. e5 dxe5 13. Be3 exf4 14. Rxf4 Nd5
15. Nxd5 Qxd5 16. Qg4 h5 17. Qh3 Bg5 18. Rf3 Rbe8 19. Re1 Bxe3+ 20. Rexe3 Rxe3
21. Rxe3 Qd4 22. Kf1 Qf4+ 23. Ke2 Bc8 24. Qg3 Bg4+ 25. Ke1 Qxg3+ 26. hxg3 Be6
27. Re5 c4 28. bxc4 Rb8 29. Rxh5 Rb1+ 30. Kd2 Rg1 31. Be4 Ra1 32. Ra5 Bxc4 33.
Rxa7 Be6 34. Ra8+ 1-0

[Event "Women's Speed Chess Q1"]
[Site "chess.com INT"]
[Date "2021.05.28"]
[Round "2"]
[White "Shuvalova, Polina"]
[Black "Michelle Catherina, P"]
[Result "1-0"]
[WhiteTitle "IM"]
[BlackTitle "WIM"]
[WhiteElo "2484"]
[BlackElo "2176"]
[WhiteFideId "24171760"]
[BlackFideId "5005736"]
[EventDate "2021.05.28"]

1. e4 e5 2. Nf3 Nc6 3. Bb5 g6 4. c3 a6 5. Ba4 Bg7 6. O-O Nge7 7. d4 exd4 8. cxd4
b5 9. Bb3 O-O 10. Nc3 d6 11. d5 Na5 12. Be3 c5 13. dxc6 Nxb3 14. Qxb3 Nxc6 15.
Rad1 Be6 16. Qc2 Rc8 17. Qd2 Ne5 18. Nxe5 dxe5 19. Nd5 Bxd5 20. Qxd5 Qf6 21. h3
Rfd8 22. Qb3 Qc6 23. f3 Bf8 24. Rc1 Qb7 25. Kh2 Be7 26. Rfd1 h5 27. Rxc8 Qxc8
28. Rd5 Bf6 29. Rc5 Qd7 30. Qc2 Kg7 31. Rc6 Qd3 32. Qc1 b4 33. Bh6+ Kg8 34. Rxf6 1-0

[Event "Women's Speed Chess Q1"]
[Site "chess.com INT"]
[Date "2021.05.28"]
[Round "2"]
[White "Bodnaruk, Anastasia"]
[Black "Thipsay, Bagyashree Sathe"]
[Result "1-0"]
[WhiteTitle "IM"]
[BlackTitle "WIM"]
[WhiteElo "2457"]
[BlackElo "2072"]
[WhiteFideId "4181751"]
[BlackFideId "5001013"]
[EventDate "2021.05.28"]

1. e4 c6 2. Nf3 d5 3. exd5 cxd5 4. Ne5 Nc6 5. d4 Nf6 6. Bb5 Bd7 7. Bxc6 Bxc6 8.
O-O e6 9. c3 Be7 10. Nd2 O-O 11. Re1 Rc8 12. Ndf3 Ne4 13. Nxc6 bxc6 14. Ne5 f6
15. Nd3 e5 16. f3 Nd6 17. dxe5 Nc4 18. e6 Qb6+ 19. Kh1 Rfe8 20. b3 Nd6 21. Be3
Qc7 22. Bf4 Qa5 23. Qd2 Nf5 24. a4 c5 25. Nf2 c4 26. b4 Qb6 27. a5 Qc6 28. Be3
a6 29. Rad1 Nxe3 30. Rxe3 Rcd8 31. Qd4 Bf8 32. Rde1 Re7 33. Nh3 Rd6 34. Nf4 Qb7
35. h4 Rd8 36. h5 g5 37. hxg6 hxg6 38. Nxg6 Rh7+ 39. Kg1 Be7 40. f4 Qc7 41. Rg3
Rg7 42. Ree3 f5 1-0

[Event "Women's Speed Chess Q1"]
[Site "chess.com INT"]
[Date "2021.05.28"]
[Round "2"]
[White "Agrest, Inna"]
[Black "Antolak, Julia"]
[Result "1-0"]
[WhiteTitle "WIM"]
[BlackTitle "WIM"]
[WhiteElo "2285"]
[BlackElo "2306"]
[WhiteFideId "1708830"]
[BlackFideId "1159569"]
[EventDate "2021.05.28"]

1. e4 c5 2. Nf3 e6 3. d4 cxd4 4. Nxd4 Nf6 5. Nc3 d6 6. g4 h6 7. Rg1 Nc6 8. Be3
Be7 9. f3 a6 10. Qd2 d5 11. O-O-O dxe4 12. fxe4 e5 13. Nf5 Qxd2+ 14. Rxd2 Bxf5
15. gxf5 Bb4 16. Rxg7 Bxc3 17. bxc3 Nxe4 18. Rdg2 O-O-O 19. Rxf7 Nxc3 20. Bc4
Kb8 21. Rgg7 Na5 22. Be6 Ne2+ 23. Kb2 Rdg8 24. Rxg8+ Rxg8 25. Rxb7+ Kxb7 26.
Bxg8 Kc7 27. f6 Kd7 28. Bxh6 Nd4 29. f7 Ne6 30. f8=Q 1-0